|
|
|
|
| LEADER |
00000cam a2200000 a 4500 |
| 001 |
102361 |
| 005 |
20230308163746.0 |
| 008 |
994032|1992 ||||||||r|||||||||||spa|| |
| 040 |
|
|
|b spa
|
| 041 |
1 |
|
|a spa
|
| 082 |
0 |
|
|a 615.7
|
| 100 |
1 |
|
|a Escobar, Raúl Tomás
|9 41974
|
| 245 |
1 |
1 |
|a El Crimen de la droga: tóxicos, depresores, estimulantes, drogadicción, narcotráfico, lavado de dinero, sida, mafias, geoestrategia
|c Raúl Tomás Escobar
|h imp
|
| 264 |
|
|
|a Buenos Aires
|b Editorial Universitaria
|c 1992
|
| 300 |
|
|
|a 474 páginas:
|c 23 cm
|
| 520 |
3 |
|
|a Contiene: Tóxicos, depresores estimulantes, drogadicción, narcotráfico, lavado de dinero, Sida, mafias, geoestrategia.
|
| 650 |
|
|
|a Drogas
|9 8073
|
| 650 |
|
0 |
|a Narcotráfico
|9 16405
|
| 650 |
|
|
|a Sida
|9 18021
|
| 650 |
|
0 |
|a Toxicomanía
|9 244060
|
| 650 |
|
|
|9 2586
|a Estupefacientes
|
| 852 |
|
|
|a UC-CDJBV
|c SEGUNDO PISO
|f Compra
|k teresa.torres
|l 1
|m General
|p 19940323
|q 54.700.00
|r 2
|t 102361
|b 0
|d CDRC
|e CDRC
|g 615.7 SEGUNDO PISO
|z 1994-40-32
|
| 942 |
|
|
|c BK
|
| 999 |
|
|
|c 22704
|d 22704
|